Functional nanoparticles for bioanalysis, nanomedicine, and bioelectronic devices volume 2 (Record no. 31471)

MARC details
000 -LEADER
fixed length control field 00747nam a2200169 a 4500
008 - FIXED-LENGTH DATA ELEMENTS--GENERAL INFORMATION
fixed length control field 150226s2012 ||||||||||||||||| || u
020 ## - INTERNATIONAL STANDARD BOOK NUMBER
International Standard Book Number 9780841228283
050 ## - LIBRARY OF CONGRESS CALL NUMBER
Classification number TP 248.25.N35 Fun
100 ## - MAIN ENTRY--PERSONAL NAME
Personal name Hepel, Maria
245 10 - TITLE STATEMENT
Title Functional nanoparticles for bioanalysis, nanomedicine, and bioelectronic devices volume 2
Statement of responsibility, etc. Edited by Maria Hepel and Chuan-Jian Zhong
260 ## - PUBLICATION, DISTRIBUTION, ETC.
Place of publication, distribution, etc. Washington D.C
Name of publisher, distributor, etc. Oxford University Press
Date of publication, distribution, etc. 2012
300 ## - PHYSICAL DESCRIPTION
Extent x, 428p.: ill.
350 ## -
-- 175.00
650 ## - SUBJECT ADDED ENTRY--TOPICAL TERM
Topical term or geographic name entry element BIOTECHNOLOGY--CONGRESSES
650 ## - SUBJECT ADDED ENTRY--TOPICAL TERM
Topical term or geographic name entry element NANOPARTICLES--CONGRESSES
995 ## -
-- MEDICAL LIBRARY OPEN ACCESS
-- 902980
-- CBU-SCHOOL OF MEDICINE LIBRARY (Ndola)
-- 175.00
-- TP 248.25.N35 Fun
-- 1
-- AVAILABLE
-- Mar 11, 2015
-- 902980
-- Medical Library Open Access Collection
999 ## -
-- 31471
-- 31471
Holdings
Withdrawn status Lost status Source of classification or shelving scheme Damaged status Not for loan Permanent Location Current Location Shelving location Date acquired Total Checkouts Full call number Barcode Date last seen Price effective from Koha item type
          CBU-SCHOOL OF MEDICINE LIBRARY, NDOLA. CBU-SCHOOL OF MEDICINE LIBRARY, NDOLA.   11/30/2022   TP 248.25.N35 Fun 902980 11/30/2022 11/30/2022 MONOGRAPH